[Event "Madrid-ch Previa-A"]
[Site "Madrid"]
[Date "2008.11.18"]
[Round "8"]
[White "Cortes Jurado, Rafael"]
[Black "Sanz Esteban, Eduardo"]
[Result "1-0"]
[WhiteElo "2054"]
[BlackElo "1891"]
[PlyCount "83"]
[EventDate "2008.11.03"]
[EventType "swiss"]
[EventRounds "9"]
[EventCountry "ESP"]
[SourceTitle "CBM 127 Extra"]
[Source "ChessBase"]
[SourceDate "2009.01.08"]
[SourceVersion "2"]
[SourceVersionDate "2009.01.28"]
[SourceQuality "1"]

1. e4 c5 2. Nf3 Nc6 3. d4 cxd4 4. Nxd4 Nf6 5. Nc3 e5 6. Ndb5 d6 7. Nd5 Nxd5 8. exd5 Nb8 9. c4 Bf5 10. Bd3 Bxd3 11. Qxd3 a6 12. Nc3 Nd7 13. 0-0 Be7 14. f4 0-0 15. f5 Rc8 16. b3 Nc5 17. Qg3 Bh4 18. Qg4 Bf6 19. Ne4 Nxe4 20. Qxe4 b5 21. Be3 bxc4 22. bxc4 Bg5 23. Bxg5 Qxg5 24. f6 gxf6 25. Rf5 Qg6 26. Raf1 Kh8 27. Qh4 Rg8 28. g3 Rg7 29. Rxf6 Qg4 30. Qxg4 Rxg4 31. Rxd6 Rgxc4 32. Rxf7 Rc1+ 33. Kg2 R1c2+ 34. Kh3 Rxa2 35. Rdd7 h6 36. d6 Kg8 37. Rg7+ Kh8 38. Rc7 Rd8 39. Rge7 Rb2 40. d7 Rbb8 41. Rxe5 Ra8 42. Rec5 1-0

[Event "Madrid-ch Previa-A"]
[Site "Madrid"]
[Date "2008.11.10"]
[Round "4"]
[White "Pardo Robles, Jose Manuel"]
[Black "Sanz Esteban, Eduardo"]
[Result "0-1"]
[WhiteElo "1941"]
[BlackElo "1891"]
[PlyCount "60"]
[EventDate "2008.11.03"]
[EventType "swiss"]
[EventRounds "9"]
[EventCountry "ESP"]
[SourceTitle "CBM 127 Extra"]
[Source "ChessBase"]
[SourceDate "2009.01.08"]
[SourceVersion "2"]
[SourceVersionDate "2009.01.28"]
[SourceQuality "1"]

1. c4 f5 2. g3 Nf6 3. Nc3 g6 4. d4 Bg7 5. Bg2 d6 6. Nh3 0-0 7. 0-0 Nc6 8. Rb1 e5 9. d5 Ne7 10. e3 h6 11. f4 a6 12. b4 Ng4 13. Qb3 g5 14. Ne2 Ng6 15. Nf2 Qe7 16. Qc2 exf4 17. gxf4 Nxe3 18. Bxe3 Qxe3 19. Rb3 Qe7 20. fxg5 hxg5 21. h3 Nh4 22. Qd2 Nxg2 23. Kxg2 f4 24. Ng1 Bf5 25. Re1 Qf7 26. Qd1 Rae8 27. Ne2 f3+ 28. Rxf3 Be4 29. Ng1 Bxf3+ 30. Nxf3 Rxe1 0-1

[Event "Madrid-ch sf-B"]
[Site "Madrid"]
[Date "2008.01.25"]
[Round "6"]
[White "Sanchez Garcia, Aurelio"]
[Black "Sanz Esteban, Eduardo"]
[Result "1-0"]
[WhiteElo "2132"]
[BlackElo "1896"]
[PlyCount "37"]
[EventDate "2008.01.10"]
[EventType "swiss"]
[EventRounds "9"]
[EventCountry "ESP"]
[SourceTitle "EXT 2010"]
[Source "ChessBase"]
[SourceDate "2010.11.25"]
[SourceVersion "1"]
[SourceVersionDate "2010.11.25"]
[SourceQuality "1"]

1. e4 c5 2. Nc3 e6 3. f4 d5 4. Bb5+ Nc6 5. Bxc6+ bxc6 6. d3 Nf6 7. e5 Nd7 8. Nf3 Ba6 9. Ne2 Qb6 10. 0-0 Be7 11. Kh1 h6 12. Qe1 0-0-0 13. Rb1 Rdg8 14. Be3 Qd8 15. a3 g5 16. b4 f6 17. bxc5 g4 18. Nfd4 Nb8 19. Rxb8+ 1-0

[Event "Madrid-ch sf-B"]
[Site "Madrid"]
[Date "2008.01.19"]
[Round "5"]
[White "Sanz Esteban, Eduardo"]
[Black "Garcia Salamero, Gabriel"]
[Result "1-0"]
[WhiteElo "1896"]
[BlackElo "1938"]
[PlyCount "111"]
[EventDate "2008.01.10"]
[EventType "swiss"]
[EventRounds "9"]
[EventCountry "ESP"]
[SourceTitle "EXT 2010"]
[Source "ChessBase"]
[SourceDate "2010.11.25"]
[SourceVersion "1"]
[SourceVersionDate "2010.11.25"]
[SourceQuality "1"]

1. e4 e5 2. Nf3 Nf6 3. Nxe5 d6 4. Nxf7 Kxf7 5. Nc3 Be6 6. d4 c5 7. d5 Bc8 8. h3 Be7 9. f4 Nbd7 10. e5 dxe5 11. d6 exf4 12. Bc4+ Kf8 13. 0-0 Ne5 14. dxe7+ Qxe7 15. Re1 Nfd7 16. Bxf4 Qh4 17. Qd6+ Qe7 18. Bxe5 Nxe5 19. Qxe7+ Kxe7 20. Rxe5+ Kd6 21. Re3 a6 22. Rd1+ Kc6 23. Re7 g6 24. Rf1 Kd6 25. Nd5 Bf5 26. g4 b5 27. gxf5 bxc4 28. Rd1 gxf5 29. Rg7 Ke5 30. Nb6 Rhg8 31. Nxc4+ Ke4 32. Rxg8 Rxg8+ 33. Kf2 f4 34. Nd2+ Kf5 35. Nf3 Rb8 36. b3 c4 37. Rd6 cxb3 38. cxb3 Rc8 39. Rxa6 Rc2+ 40. Kf1 Ke4 41. Ng5+ Ke3 42. Re6+ Kd3 43. Nxh7 Rxa2 44. Ng5 Rb2 45. Re4 Rxb3 46. Rxf4 Rb6 47. Kg2 Ke3 48. Rf3+ Kd4 49. Kg3 Ke5 50. h4 Rg6 51. Kg4 Rg8 52. h5 Kd6 53. h6 Ke7 54. h7 Rb8 55. Nf7 Rb4+ 56. Kg3 1-0

[Event "Madrid-ch sf-B"]
[Site "Madrid"]
[Date "2007.01.27"]
[Round "7"]
[White "Sanz Esteban, Eduardo"]
[Black "Sanchez Garcia, Aurelio"]
[Result "0-1"]
[WhiteElo "1781"]
[BlackElo "2104"]
[PlyCount "104"]
[EventDate "2007.01.11"]
[EventType "swiss"]
[EventRounds "9"]
[EventCountry "ESP"]
[SourceTitle "EXT 2008"]
[Source "ChessBase"]
[SourceDate "2007.11.25"]
[SourceVersion "1"]
[SourceVersionDate "2007.11.25"]
[SourceQuality "1"]

1. e4 d5 2. exd5 Qxd5 3. Nc3 Qd8 4. d4 Nf6 5. Nf3 c6 6. g3 Bf5 7. Bg2 e6 8. Bf4 h6 9. 0-0 Be7 10. Ne5 0-0 11. Re1 Nbd7 12. Nxd7 Qxd7 13. Qd2 Nd5 14. Nxd5 cxd5 15. Bf1 Rfc8 16. c3 b5 17. Rac1 a5 18. a3 Qb7 19. Qe2 b4 20. cxb4 axb4 21. axb4 Qxb4 22. Qb5 Qxb5 23. Bxb5 Bf6 24. Be5 Bxe5 25. dxe5 Rcb8 26. Bf1 Rxb2 27. Re2 Rxe2 28. Bxe2 g5 29. g4 Bg6 30. f3 Ra2 31. Bb5 Rb2 32. Ba6 Rb1 33. Rxb1 Bxb1 34. Kf2 f6 35. exf6 e5 36. Bb7 Ba2 37. Bc8 Kf7 38. Bf5 Kxf6 39. Ke3 Ke7 40. Kd2 Kd6 41. Kc3 Kc5 42. Kd2 Kd4 43. Bd3 Bc4 44. Bc2 e4 45. fxe4 dxe4 46. Bd1 e3+ 47. Ke1 Ke5 48. Bf3 Kf4 49. Bd1 Bd5 50. h3 Bf3 51. Bc2 Kg3 52. Bf5 Kxh3 0-1

[Event "Madrid-ch sf-B"]
[Site "Madrid"]
[Date "2007.01.20"]
[Round "5"]
[White "Sanz Esteban, Eduardo"]
[Black "Collado Barbas, Laura"]
[Result "1-0"]
[WhiteElo "1781"]
[BlackElo "1828"]
[PlyCount "91"]
[EventDate "2007.01.11"]
[EventType "swiss"]
[EventRounds "9"]
[EventCountry "ESP"]
[SourceTitle "EXT 2008"]
[Source "ChessBase"]
[SourceDate "2007.11.25"]
[SourceVersion "1"]
[SourceVersionDate "2007.11.25"]
[SourceQuality "1"]

1. e4 c6 2. d4 d5 3. exd5 cxd5 4. Bd3 Nf6 5. h3 Nc6 6. c3 e6 7. Bf4 Bd6 8. Bxd6 Qxd6 9. Nf3 0-0 10. 0-0 Re8 11. Nbd2 Bd7 12. Re1 e5 13. dxe5 Nxe5 14. Rxe5 Rxe5 15. Nc4 Re1+ 16. Nxe1 Qf4 17. Ne3 Bc6 18. Qf3 Qc7 19. Qg3 Qxg3 20. fxg3 Re8 21. N1c2 Nd7 22. c4 d4 23. Nd5 Nc5 24. Rd1 Re5 25. Ndb4 Nxd3 26. Nxc6 bxc6 27. Rxd3 c5 28. Kf2 Kf8 29. b4 cxb4 30. Nxb4 Rf5+ 31. Ke2 Re5+ 32. Kd2 a5 33. Nc2 Rf5 34. Rf3 Rc5 35. Kd3 Ke7 36. Nxd4 a4 37. Rf5 Rc7 38. Ra5 Kf6 39. Rxa4 Ke5 40. Ra5+ Kf6 41. a4 g6 42. Rb5 Ke7 43. a5 Kd6 44. Rb6+ Kd7 45. a6 Kc8 46. Rc6 1-0

[Event "Madrid-ch U18"]
[Site "Madrid"]
[Date "2006.12.28"]
[Round "6"]
[White "Valbuena Mota, Alejandro"]
[Black "Sanz Esteban, Eduardo"]
[Result "1-0"]
[WhiteElo "2119"]
[BlackElo "1752"]
[PlyCount "71"]
[EventDate "2006.12.21"]
[EventType "swiss"]
[EventRounds "9"]
[EventCountry "ESP"]
[SourceTitle "EXT 2009"]
[Source "ChessBase"]
[SourceDate "2008.11.26"]
[SourceVersion "1"]
[SourceVersionDate "2008.11.26"]
[SourceQuality "1"]

1. d4 Nf6 2. c4 g6 3. Nc3 Bg7 4. e4 d6 5. f3 0-0 6. Be3 e5 7. Nge2 Nbd7 8. Qd2 exd4 9. Nxd4 Re8 10. Be2 Nc5 11. 0-0 Ne6 12. Rfd1 Nxd4 13. Bxd4 Be6 14. Rac1 Qe7 15. Bf1 c6 16. Bf2 Red8 17. b4 d5 18. Bc5 Qd7 19. cxd5 cxd5 20. e5 Ne8 21. Bb5 Qc7 22. Bxe8 Rxe8 23. Nb5 Qxe5 24. Bd6 Qh5 25. Nc7 Red8 26. Nxa8 Rxd6 27. Nc7 Bh6 28. f4 Bg4 29. Ne8 Re6 30. Re1 Qh4 31. Rxe6 Bxe6 32. g3 Qe7 33. Nc7 Bh3 34. Nxd5 Qe6 35. Re1 Qd6 36. Ne7+ 1-0

[Event "Madrid-ch U18"]
[Site "Madrid"]
[Date "2006.12.26"]
[Round "4"]
[White "Arauz Alonso, Fernando"]
[Black "Sanz Esteban, Eduardo"]
[Result "0-1"]
[WhiteElo "1840"]
[BlackElo "1752"]
[PlyCount "108"]
[EventDate "2006.12.21"]
[EventType "swiss"]
[EventRounds "9"]
[EventCountry "ESP"]
[SourceTitle "EXT 2009"]
[Source "ChessBase"]
[SourceDate "2008.11.26"]
[SourceVersion "1"]
[SourceVersionDate "2008.11.26"]
[SourceQuality "1"]

1. d4 Nf6 2. Nf3 g6 3. e3 Bg7 4. Nbd2 d6 5. b3 0-0 6. Bb2 Re8 7. c4 Nbd7 8. Rc1 e5 9. dxe5 dxe5 10. Qc2 b6 11. Be2 Bb7 12. 0-0 c5 13. Rfd1 Qc7 14. h3 e4 15. Nh2 h5 16. a3 Rad8 17. b4 Ne5 18. Nb1 Nd3 19. Bxd3 exd3 20. Qb3 Qc6 21. Nf3 Qe6 22. Nbd2 Ne4 23. Nxe4 Bxb2 24. Neg5 Qf6 25. Rb1 Bc3 26. Rbc1 Bb2 27. Rb1 Bc3 28. bxc5 Bxf3 29. Nxf3 bxc5 30. Rbc1 Bb2 31. Rb1 Bc3 32. Rbc1 Bb2 33. Rb1 Bc3 34. Rdc1 d2 35. Rxc3 d1Q+ 36. Rxd1 Rxd1+ 37. Kh2 Qd6+ 38. g3 Rb8 39. Qa4 Rbb1 40. e4 h4 41. e5 hxg3+ 42. Kxg3 Rg1+ 43. Kf4 g5+ 44. Nxg5 Qd4+ 45. Ne4 Rbe1 46. Qe8+ Kg7 47. Qc6 Rxe4+ 48. Qxe4 Qxc3 49. Qf5 Qxc4+ 50. Kf3 Qd5+ 51. Kf4 Qe6 52. Qe4 Qxh3 53. Qe2 Qh4+ 54. Ke3 Qd4+ 0-1

[Event "Madrid-ch U18"]
[Site "Madrid"]
[Date "2006.12.22"]
[Round "2"]
[White "Rubio Mejia, Luis Ignacio"]
[Black "Sanz Esteban, Eduardo"]
[Result "1/2-1/2"]
[WhiteElo "2222"]
[BlackElo "1752"]
[PlyCount "37"]
[EventDate "2006.12.21"]
[EventType "swiss"]
[EventRounds "9"]
[EventCountry "ESP"]
[SourceTitle "EXT 2009"]
[Source "ChessBase"]
[SourceDate "2008.11.26"]
[SourceVersion "1"]
[SourceVersionDate "2008.11.26"]
[SourceQuality "1"]

1. d4 Nf6 2. c4 g6 3. Nc3 Bg7 4. e4 d6 5. Nf3 0-0 6. Be2 e5 7. 0-0 Nbd7 8. Re1 Re8 9. Bf1 c6 10. Rb1 a6 11. h3 Qe7 12. Be3 b5 13. b4 Bb7 14. a4 bxc4 15. Bxc4 d5 16. Ba2 dxe4 17. Nxe5 Nxe5 18. dxe5 Qxe5 19. Bd4 1/2-1/2